[Event "NB I. Charousek csoport"]
[Site "Ajka"]
[Date "2024.02.18"]
[Round "6.9"]
[White "Varga, Richard"]
[Black "Gyorkos, Lajos"]
[Result "0-1"]
[WhiteElo "2025"]
[BlackElo "2190"]
[PlyCount "84"]
[EventDate "2023.10.08"]
[EventType "team-tourn"]
[EventRounds "11"]
[EventCountry "HUN"]
[Source "chess.hu"]
[WhiteTeam "Tuxera ANSK II."]
[BlackTeam "Sentimento Ajka BSK"]
[WhiteTeamCountry "HUN"]
[BlackTeamCountry "HUN"]

1. e4 c5 2. Nf3 e6 3. d4 cxd4 4. Nxd4 a6 5. Bd3 Qb6 6. Be3 Bc5 7. c3 Nc6 8. Nd2
Nxd4 9. Nc4 Qa7 10. cxd4 Be7 11. O-O d5 12. Ne5 Nf6 13. f3 O-O 14. Rc1 Nd7 15.
Qd2 Rd8 16. Bb1 Nf8 17. exd5 exd5 18. f4 f6 19. Nf3 Bd7 20. Nh4 Qb6 21. Nf5 Bb4
22. Qf2 Re8 23. a3 Bd6 24. Qf3 Be6 25. Nxd6 Qxd6 26. f5 Bf7 27. Ba2 Rac8 28.
Kh1 Qd7 29. Bd2 Re4 30. Bb1 Rxd4 31. Rxc8 Qxc8 32. Bc3 Rc4 33. Ba2 Re4 34. Rd1
Qc6 35. Qd3 Rf4 36. h3 d4 37. Bxf7+ Kxf7 38. Bxd4 Qd5 39. Qe3 Rxf5 40. Rc1 Ne6
41. Bc3 Nf4 42. Qg3 Rg5 0-1

[Event "NB I. Charousek csoport"]
[Site "Ajka"]
[Date "2024.02.18"]
[Round "6.10"]
[White "Vass, Viktor"]
[Black "Sipos, Janos"]
[Result "0-1"]
[WhiteElo "2170"]
[BlackElo "2169"]
[PlyCount "78"]
[EventDate "2023.10.08"]
[EventType "team-tourn"]
[EventRounds "11"]
[EventCountry "HUN"]
[Source "chess.hu"]
[WhiteTeam "Sentimento Ajka BSK"]
[BlackTeam "Tuxera ANSK II."]
[WhiteTeamCountry "HUN"]
[BlackTeamCountry "HUN"]

1. e4 c5 2. Nf3 d6 3. d4 cxd4 4. Nxd4 Nf6 5. Nc3 g6 6. Be2 Bg7 7. O-O O-O 8.
Kh1 Nc6 9. Nb3 Be6 10. f4 Qc8 11. Bf3 Bg4 12. Nd5 Bxf3 13. Qxf3 e6 14. Ne3 Qc7
15. Bd2 Rad8 16. c4 a5 17. a4 Qb6 18. Ra3 Nd7 19. Bc3 Bxc3 20. bxc3 Nc5 21. Rb1
Rd7 22. Ng4 f5 23. exf5 gxf5 24. Nh6+ Kh8 25. Nd2 Qd8 26. Qh5 Qf6 27. g4 fxg4
28. Rf1 Qg6 29. Qxg6 hxg6 30. Nxg4 Rdf7 31. Ne3 Rxf4 32. Rxf4 Rxf4 33. Kg2 Ne5
34. Kg3 g5 35. Ra1 Kg7 36. Rb1 Kg6 37. Rb6 Nc6 38. Ng2 Rf7 39. Ne1 Nxa4 0-1

[Event "NB I. Charousek csoport"]
[Site "Ajka"]
[Date "2024.02.18"]
[Round "6.11"]
[White "Beznicza, Mira"]
[Black "Szalay-Ocsak, Bank"]
[Result "0-1"]
[WhiteElo "1671"]
[BlackElo "2165"]
[PlyCount "94"]
[EventDate "2023.10.08"]
[EventType "team-tourn"]
[EventRounds "11"]
[EventCountry "HUN"]
[Source "chess.hu"]
[WhiteTeam "Tuxera ANSK II."]
[BlackTeam "Sentimento Ajka BSK"]
[WhiteTeamCountry "HUN"]
[BlackTeamCountry "HUN"]

1. e4 c5 2. Nc3 Nc6 3. g3 g6 4. Bg2 Bg7 5. d3 d6 6. Be3 e5 7. Qd2 Nge7 8. Nge2
Be6 9. O-O O-O 10. f4 Qd7 11. Kh1 Rae8 12. Ng1 b6 13. Nce2 d5 14. f5 gxf5 15.
Bh6 dxe4 16. Bxg7 Kxg7 17. Qg5+ Ng6 18. dxe4 f6 19. Qe3 fxe4 20. Qxe4 Nce7 21.
Nc3 Rd8 22. h4 f5 23. Qe1 e4 24. h5 Ne5 25. Qe3 Qd2 26. Qf4 Qxf4 27. gxf4 Ng4
28. Bh3 Nf6 29. h6+ Kxh6 30. Rf2 Kg6 31. Re1 Kf7 32. Bf1 Ng4 33. Rg2 Nd5 34.
Nh3 Nxc3 35. Ng5+ Ke7 36. Nxe6 Kxe6 37. bxc3 Kf6 38. Rge2 Rd6 39. Bh3 h5 40.
Kg2 Rfd8 41. Kg3 Rd1 42. Rxd1 Rxd1 43. Kg2 Rc1 44. a3 Ra1 45. Rd2 Rxa3 46. Rd6+
Ke7 47. Rg6 Rxc3 0-1

[Event "NB I. Charousek csoport"]
[Site "Ajka"]
[Date "2024.02.18"]
[Round "6.12"]
[White "Pasti, Anna"]
[Black "Beznicza, Laszlo Bodo"]
[Result "1-0"]
[WhiteElo "1954"]
[BlackElo "1609"]
[PlyCount "51"]
[EventDate "2023.10.08"]
[EventType "team-tourn"]
[EventRounds "11"]
[EventCountry "HUN"]
[Source "chess.hu"]
[WhiteTeam "Sentimento Ajka BSK"]
[BlackTeam "Tuxera ANSK II."]
[WhiteTeamCountry "HUN"]
[BlackTeamCountry "HUN"]

1. c4 Nf6 2. Nc3 g6 3. d4 d6 4. e4 Bg7 5. h3 c6 6. Be3 O-O 7. Bd3 Re8 8. Nge2
a6 9. a4 Nfd7 10. O-O e5 11. Bc2 a5 12. Qd2 exd4 13. Bxd4 Bxd4 14. Qxd4 Nc5 15.
Rad1 Be6 16. e5 Qg5 17. f4 Qd8 18. exd6 Ncd7 19. f5 Bxf5 20. Bxf5 gxf5 21. Rxf5
c5 22. Qg4+ Kf8 23. Rdf1 Ne5 24. Qh5 Re7 25. dxe7+ Qxe7 26. Rxe5 1-0

[Event "NB I. Charousek csoport"]
[Site "Szombathely"]
[Date "2024.02.18"]
[Round "6.1"]
[White "Videki, Sandor"]
[Black "Trbojevic, Mladen"]
[Result "1/2-1/2"]
[WhiteElo "2335"]
[BlackElo "2325"]
[PlyCount "87"]
[EventDate "2023.10.08"]
[EventType "team-tourn"]
[EventRounds "11"]
[EventCountry "HUN"]
[Source "chess.hu"]
[WhiteTeam "ASE II. Paks"]
[BlackTeam "Haladas VSE II."]
[WhiteTeamCountry "HUN"]
[BlackTeamCountry "HUN"]

1. Nf3 d5 2. g3 Nf6 3. Bg2 c6 4. O-O Bg4 5. d4 e6 6. Nbd2 Nbd7 7. Re1 Be7 8. e4
dxe4 9. Nxe4 O-O 10. c3 Nxe4 11. Rxe4 Bf5 12. Re1 Qb6 13. Nd2 Qc7 14. Nc4 Nb6
15. Bf4 Qd8 16. Ne3 Bg6 17. a4 Nd5 18. Nxd5 exd5 19. a5 Bd6 20. Bxd6 Qxd6 21.
Qe2 f6 22. Qe7 Qxe7 23. Rxe7 Rf7 24. Re3 Rd8 25. Rae1 Kf8 26. Bh3 Rc7 27. b4
Re8 28. Rxe8+ Bxe8 29. Bf5 Bg6 30. Bxg6 hxg6 31. h4 Kf7 32. Kg2 b6 33. Ra1 Ke6
34. axb6 axb6 35. Ra6 b5 36. Kf3 Kd6 37. Ke3 Re7+ 38. Kd2 Rc7 39. Ra8 Ke6 40.
Kd3 Kf5 41. f3 g5 42. hxg5 Kxg5 43. Re8 Kg6 44. Re1 1/2-1/2

[Event "NB I. Charousek csoport"]
[Site "Szombathely"]
[Date "2024.02.18"]
[Round "6.2"]
[White "Nagy, Bence"]
[Black "Dankhazi, Andras"]
[Result "1-0"]
[WhiteElo "2304"]
[BlackElo "2348"]
[PlyCount "77"]
[EventDate "2023.10.08"]
[EventType "team-tourn"]
[EventRounds "11"]
[EventCountry "HUN"]
[Source "chess.hu"]
[WhiteTeam "Haladas VSE II."]
[BlackTeam "ASE II. Paks"]
[WhiteTeamCountry "HUN"]
[BlackTeamCountry "HUN"]

1. e4 e5 2. Nf3 Nc6 3. Bb5 Nf6 4. O-O Nxe4 5. d4 Nd6 6. dxe5 Nxb5 7. a4 Nbd4 8.
Nxd4 d5 9. Re1 Nxd4 10. Qxd4 c5 11. Qd3 Be6 12. Nc3 Qd7 13. Bf4 Be7 14. Rad1 g5
15. Bg3 O-O-O 16. Nb5 Kb8 17. c4 d4 18. b4 h5 19. f3 h4 20. Bf2 Bf5 21. Qb3 a6
22. Nc3 Be6 23. bxc5 Bxc5 24. Ne2 Qc7 25. Nxd4 Bxd4 26. Bxd4 Bxc4 27. Qb2 Rh6
28. e6 Rxe6 29. Be5 Rxe5 30. Rxd8+ Qxd8 31. Qxe5+ Ka7 32. a5 Be6 33. Qc5+ Kb8
34. h3 Qd2 35. Re5 Qd1+ 36. Kh2 g4 37. hxg4 Qd2 38. Re4 Ka8 39. Rd4 1-0

[Event "NB I. Charousek csoport"]
[Site "Szombathely"]
[Date "2024.02.18"]
[Round "6.3"]
[White "Molnar, Bela"]
[Black "Sardy, Peter Dr"]
[Result "1/2-1/2"]
[WhiteElo "2292"]
[BlackElo "2374"]
[PlyCount "115"]
[EventDate "2023.10.08"]
[EventType "team-tourn"]
[EventRounds "11"]
[EventCountry "HUN"]
[Source "chess.hu"]
[WhiteTeam "ASE II. Paks"]
[BlackTeam "Haladas VSE II."]
[WhiteTeamCountry "HUN"]
[BlackTeamCountry "HUN"]

1. e4 d6 2. d4 Nf6 3. Nc3 Nc6 4. Bg5 e6 5. f4 Be7 6. Nf3 h6 7. Bxf6 Bxf6 8. e5
Be7 9. a3 O-O 10. Bd3 f5 11. Qd2 dxe5 12. dxe5 Nd4 13. O-O-O Nxf3 14. gxf3 a6
15. Qe3 Qe8 16. Ne2 b5 17. Rhg1 c5 18. c4 b4 19. Bc2 Rb8 20. Rg2 bxa3 21. bxa3
Rf7 22. Nc3 Bd7 23. Nd5 exd5 24. e6 d4 25. exf7+ Qxf7 26. Qe5 Rb6 27. Qc7 Qe6
28. Bd3 Qd6 29. Qa7 Qxf4+ 30. Rdd2 Qd6 31. f4 Bf8 32. Rg6 Qxg6 33. Qxd7 Qg1+
34. Rd1 Qxh2 35. Qd5+ Kh8 36. Rd2 Qxf4 37. Bxf5 Rf6 38. Bd3 Bd6 39. Kc2 Qe5 40.
Qa8+ Rf8 41. Qg2 Qe8 42. Kb3 Bf4 43. Re2 Be3 44. Ka2 Qe6 45. Rb2 g6 46. Qb7 Rf2
47. Rxf2 Bxf2 48. Qa8+ Kg7 49. Qb7+ Qf7 50. Qxa6 Bh4 51. Qc6 Be7 52. a4 Qf6 53.
Qb7 Qf2+ 54. Kb3 Qe3 55. Kc2 h5 56. a5 Qe1 57. Be4 Kf6 58. a6 1/2-1/2

[Event "NB I. Charousek csoport"]
[Site "Szombathely"]
[Date "2024.02.18"]
[Round "6.4"]
[White "Farkas, Gabor"]
[Black "Forgacs, Attila Jr"]
[Result "1/2-1/2"]
[WhiteElo "2281"]
[BlackElo "2267"]
[PlyCount "111"]
[EventDate "2023.10.08"]
[EventType "team-tourn"]
[EventRounds "11"]
[EventCountry "HUN"]
[Source "chess.hu"]
[WhiteTeam "Haladas VSE II."]
[BlackTeam "ASE II. Paks"]
[WhiteTeamCountry "HUN"]
[BlackTeamCountry "HUN"]

1. Nf3 Nf6 2. g3 g6 3. b3 Bg7 4. Bb2 c5 5. Bg2 O-O 6. O-O Nc6 7. c4 d6 8. Nc3
Bf5 9. Nd5 Nxd5 10. Bxg7 Kxg7 11. cxd5 Nd4 12. Nxd4 cxd4 13. Rc1 Qa5 14. Rc4
Qxa2 15. Rxd4 Rfc8 16. Be4 Bxe4 17. Rxe4 Kf8 18. f4 Rc2 19. Rd4 Rac8 20. e3 Rc1
21. Qxc1 Rxc1 22. Rxc1 Qxb3 23. Ra1 a6 24. Kf2 h5 25. h3 Qb2 26. Raa4 Qc1 27.
Rac4 Qh1 28. h4 Qh2+ 29. Kf3 Qg1 30. e4 Qf1+ 31. Ke3 Qg2 32. f5 Qxg3+ 33. Ke2
Qxh4 34. fxg6 fxg6 35. Rd3 b5 36. Rf3+ Kg7 37. Rb4 Qg4 38. d3 h4 39. Rb1 h3 40.
Ke3 b4 41. Rh1 Qg5+ 42. Kd4 Qd2 43. Rfxh3 Qc3+ 44. Ke3 b3 45. Rh7+ Kf8 46. Rh8+
Kf7 47. Rf1+ Kg7 48. Rhf8 g5 49. R8f7+ Kg6 50. Rxe7 g4 51. Rf5 Qe1+ 52. Kf4
Qf2+ 53. Kxg4 Qg2+ 54. Kh4 Qh2+ 55. Kg4 Qg2+ 56. Kh4 1/2-1/2

[Event "NB I. Charousek csoport"]
[Site "Szombathely"]
[Date "2024.02.18"]
[Round "6.5"]
[White "Bernath, Bence"]
[Black "Krstic, Uros"]
[Result "1-0"]
[WhiteElo "2243"]
[BlackElo "2310"]
[PlyCount "97"]
[EventDate "2023.10.08"]
[EventType "team-tourn"]
[EventRounds "11"]
[EventCountry "HUN"]
[Source "chess.hu"]
[WhiteTeam "ASE II. Paks"]
[BlackTeam "Haladas VSE II."]
[WhiteTeamCountry "HUN"]
[BlackTeamCountry "HUN"]

1. e4 c6 2. d4 d5 3. e5 c5 4. dxc5 e6 5. a3 Bxc5 6. Nf3 Ne7 7. Bd3 Nbc6 8. b4
Bb6 9. Bb2 Ng6 10. O-O Bd7 11. Re1 O-O 12. Nbd2 Bc7 13. c4 a5 14. b5 Nce7 15.
h4 Nf5 16. g3 dxc4 17. Bxc4 Re8 18. Ne4 Nf8 19. a4 Qb8 20. Ra3 Rd8 21. Rd3 Be8
22. Qb3 Rxd3 23. Bxd3 Qa7 24. Kg2 Rd8 25. Rd1 Bb6 26. Rd2 Qb8 27. h5 Rd5 28.
Bc4 Rxd2 29. Nexd2 Bc5 30. Ne4 Bb4 31. Qd3 b6 32. g4 Nh6 33. Kh3 Qc7 34. Bc1
Be7 35. Nd6 Bd7 36. Bf4 Bc8 37. Nd4 Bb7 38. g5 Bxd6 39. exd6 Qc5 40. Nc6 Qxf2
41. Bg3 Qf5+ 42. Qxf5 Nxf5 43. Ne7+ Kh8 44. Nxf5 exf5 45. Bxf7 Bc8 46. Be5 Be6
47. Bxe6 Nxe6 48. d7 Kg8 49. Bc7 1-0

[Event "NB I. Charousek csoport"]
[Site "Szombathely"]
[Date "2024.02.18"]
[Round "6.6"]
[White "Csontos, Aron"]
[Black "Benedeczky, Lehel Dr"]
[Result "1-0"]
[WhiteElo "2149"]
[BlackElo "2137"]
[PlyCount "69"]
[EventDate "2023.10.08"]
[EventType "team-tourn"]
[EventRounds "11"]
[EventCountry "HUN"]
[Source "chess.hu"]
[WhiteTeam "Haladas VSE II."]
[BlackTeam "ASE II. Paks"]
[WhiteTeamCountry "HUN"]
[BlackTeamCountry "HUN"]

1. e4 c6 2. Nf3 d5 3. d3 g6 4. Nbd2 Bg7 5. g3 e5 6. Bg2 Ne7 7. O-O O-O 8. b4 a5
9. bxa5 Qxa5 10. Bb2 d4 11. a4 Qc7 12. c3 dxc3 13. Bxc3 c5 14. Nc4 Nbc6 15. Qb3
Rd8 16. Ng5 Rf8 17. Nb6 Ra6 18. a5 h6 19. Nf3 Nxa5 20. Bxa5 Nc6 21. Nxc8 Nxa5
22. Rxa5 Rxa5 23. Nb6 Kh7 24. Nd2 f5 25. Ndc4 Ra7 26. Nd5 Qd7 27. Rb1 f4 28.
Qb6 Ra2 29. Qxc5 fxg3 30. Qxf8 Rxf2 31. Qe7 Qg4 32. hxg3 Rxg2+ 33. Kxg2 Qe2+
34. Kg1 Qxd3 35. Nf6+ 1-0

[Event "NB I. Charousek csoport"]
[Site "Szombathely"]
[Date "2024.02.18"]
[Round "6.7"]
[White "Toth, Gergely"]
[Black "Magyar, Andras"]
[Result "1/2-1/2"]
[WhiteElo "2120"]
[BlackElo "2217"]
[PlyCount "79"]
[EventDate "2023.10.08"]
[EventType "team-tourn"]
[EventRounds "11"]
[EventCountry "HUN"]
[Source "chess.hu"]
[WhiteTeam "ASE II. Paks"]
[BlackTeam "Haladas VSE II."]
[WhiteTeamCountry "HUN"]
[BlackTeamCountry "HUN"]

1. e4 c5 2. Nf3 Nc6 3. d4 cxd4 4. Nxd4 Nf6 5. Nc3 d6 6. Bg5 e6 7. Qd2 a6 8.
O-O-O Bd7 9. f4 b5 10. Bxf6 gxf6 11. Kb1 Qb6 12. Nxc6 Bxc6 13. Bd3 h5 14. Rhf1
Be7 15. f5 b4 16. Ne2 e5 17. Nc1 Rc8 18. Qe2 a5 19. Bc4 a4 20. Rf3 Qc5 21. Bd5
Bb5 22. Nd3 Qd4 23. Qd2 a3 24. Qc1 Bf8 25. bxa3 Bh6 26. Qb2 Qxb2+ 27. Kxb2
bxa3+ 28. Kb3 Ke7 29. c4 Bd7 30. Rh3 Rc7 31. Nb4 Bf4 32. Kxa3 Rg8 33. g3 Be3
34. Kb3 Rb8 35. a3 Ra7 36. Rb1 Rb6 37. Rxh5 Ba4+ 38. Kc3 Bd4+ 39. Kd3 Be8 40.
Rb3 1/2-1/2

[Event "NB I. Charousek csoport"]
[Site "Szombathely"]
[Date "2024.02.18"]
[Round "6.8"]
[White "Egri, Laszlo Jr"]
[Black "Szegedy, Matyas"]
[Result "1-0"]
[WhiteElo "2234"]
[BlackElo "2129"]
[PlyCount "63"]
[EventDate "2023.10.08"]
[EventType "team-tourn"]
[EventRounds "11"]
[EventCountry "HUN"]
[Source "chess.hu"]
[WhiteTeam "Haladas VSE II."]
[BlackTeam "ASE II. Paks"]
[WhiteTeamCountry "HUN"]
[BlackTeamCountry "HUN"]

1. Nf3 Nf6 2. c4 g6 3. g3 b6 4. Bg2 Bb7 5. O-O Bg7 6. d4 O-O 7. Nc3 Ne4 8. Nxe4
Bxe4 9. Qb3 c6 10. Rd1 d5 11. Bf4 Nd7 12. Rac1 dxc4 13. Qxc4 b5 14. Qb3 Qa5 15.
Ne5 Bxg2 16. Kxg2 Nxe5 17. dxe5 Rac8 18. e6 b4 19. exf7+ Rxf7 20. Rd7 Bf6 21.
Be3 Qf5 22. Rcd1 g5 23. Qxb4 Kg7 24. Rxa7 c5 25. Qc4 h6 26. Rd5 Qb1 27. Rxc5
Rd8 28. Rd5 Rxd5 29. Qxd5 Qxb2 30. Qc4 Rf8 31. Rd7 Ra8 32. Rxe7+ 1-0

[Event "NB I. Charousek csoport"]
[Site "Szombathely"]
[Date "2024.02.18"]
[Round "6.9"]
[White "Berta, Tibor"]
[Black "Nemeth, Denes"]
[Result "0-1"]
[WhiteElo "2038"]
[BlackElo "2175"]
[PlyCount "116"]
[EventDate "2023.10.08"]
[EventType "team-tourn"]
[EventRounds "11"]
[EventCountry "HUN"]
[Source "chess.hu"]
[WhiteTeam "ASE II. Paks"]
[BlackTeam "Haladas VSE II."]
[WhiteTeamCountry "HUN"]
[BlackTeamCountry "HUN"]

1. d4 Nf6 2. Nf3 e6 3. Bg5 b6 4. e3 Bb7 5. Bd3 Be7 6. O-O Ne4 7. Bxe7 Qxe7 8.
c4 O-O 9. Qe2 d6 10. Rd1 Nd7 11. Nbd2 f5 12. Rac1 Ndf6 13. Ne1 Nxd2 14. Qxd2
Ne4 15. Qe2 Qh4 16. f3 Nf6 17. Qf2 Qh6 18. Bf1 g5 19. c5 Bd5 20. Bc4 g4 21.
Bxd5 Nxd5 22. f4 Rfd8 23. g3 Qg7 24. a3 bxc5 25. dxc5 Rab8 26. b4 a5 27. cxd6
cxd6 28. bxa5 Qa7 29. Nc2 Qxa5 30. Nd4 Qxa3 31. Nxe6 Re8 32. Nc7 Rb2 33. Rd2
Rxd2 34. Qxd2 Nxc7 35. Rxc7 Qxe3+ 36. Qxe3 Rxe3 37. Kf2 Ra3 38. Rd7 Ra2+ 39.
Ke1 Ra1+ 40. Ke2 Ra2+ 41. Ke1 Ra6 42. Ke2 h5 43. Ke1 Ra1+ 44. Ke2 Ra2+ 45. Ke1
Rxh2 46. Rxd6 Rh3 47. Kf2 h4 48. gxh4 Rf3+ 49. Kg2 Rxf4 50. Rd7 Rf3 51. Rc7 f4
52. Rc5 Kf7 53. Rc6 Rg3+ 54. Kf2 Rh3 55. Rh6 Rh2+ 56. Kg1 g3 57. h5 f3 58. Rg6
f2+ 0-1

[Event "NB I. Charousek csoport"]
[Site "Szombathely"]
[Date "2024.02.18"]
[Round "6.10"]
[White "Tomasic, Roland"]
[Black "Buri, Petra Zsuzsanna"]
[Result "1-0"]
[WhiteElo "2114"]
[BlackElo "1968"]
[PlyCount "89"]
[EventDate "2023.10.08"]
[EventType "team-tourn"]
[EventRounds "11"]
[EventCountry "HUN"]
[Source "chess.hu"]
[WhiteTeam "Haladas VSE II."]
[BlackTeam "ASE II. Paks"]
[WhiteTeamCountry "HUN"]
[BlackTeamCountry "HUN"]

1. d4 Nf6 2. c4 g6 3. Nc3 Bg7 4. e4 d6 5. Bd3 O-O 6. Nge2 e5 7. d5 Nfd7 8. O-O
Nc5 9. Bc2 a5 10. f4 exf4 11. Bxf4 Nbd7 12. h3 Nb6 13. b3 Nbd7 14. Qd2 Re8 15.
Rae1 Ne5 16. Bg5 f6 17. Be3 Qe7 18. Nb5 b6 19. Nf4 Bh6 20. Kh1 Bxf4 21. Rxf4
Rf8 22. Ref1 Rf7 23. Qc3 Bb7 24. a3 Rc8 25. b4 axb4 26. axb4 Ncd7 27. Bb3 g5
28. R4f2 Nf8 29. Nd4 Nfg6 30. c5 bxc5 31. bxc5 Re8 32. Nf5 Qf8 33. Ra1 Bc8 34.
Ba4 Bd7 35. Bxd7 Nxd7 36. cxd6 cxd6 37. Ra6 Rxe4 38. Nxd6 Qe7 39. Nxf7 Kxf7 40.
Bxg5 Re1+ 41. Kh2 Re5 42. Bxf6 Nxf6 43. Raxf6+ Qxf6 44. Rxf6+ Kxf6 45. Qc6+ 1-0

[Event "NB I. Charousek csoport"]
[Site "Szombathely"]
[Date "2024.02.18"]
[Round "6.11"]
[White "Fodor, Tamas Sr"]
[Black "Gombocz, Zsofia"]
[Result "0-1"]
[WhiteElo "1970"]
[BlackElo "2089"]
[PlyCount "60"]
[EventDate "2023.10.08"]
[EventType "team-tourn"]
[EventRounds "11"]
[EventCountry "HUN"]
[Source "chess.hu"]
[WhiteTeam "ASE II. Paks"]
[BlackTeam "Haladas VSE II."]
[WhiteTeamCountry "HUN"]
[BlackTeamCountry "HUN"]

1. d4 d5 2. c4 e6 3. Nf3 Nf6 4. e3 Be7 5. Nc3 a6 6. a3 b6 7. cxd5 Nxd5 8. Bd2
Bb7 9. Be2 O-O 10. O-O Nd7 11. Rc1 c5 12. Nxd5 Bxd5 13. Bc3 c4 14. Qe1 b5 15.
Ba5 Qb8 16. Bb4 Bxb4 17. Qxb4 a5 18. Qe1 Qb7 19. Qd1 Nb6 20. Ne1 b4 21. f3 f5
22. e4 fxe4 23. fxe4 Bxe4 24. Bxc4 Nxc4 25. Rxf8+ Rxf8 26. Rxc4 bxa3 27. bxa3
Qb2 28. Nf3 Qxa3 29. Ra4 Qe3+ 30. Kh1 Rxf3 0-1

[Event "NB I. Charousek csoport"]
[Site "Szombathely"]
[Date "2024.02.18"]
[Round "6.12"]
[White "Apro, Barnabas"]
[Black "Buri, Kata"]
[Result "1-0"]
[WhiteElo "2020"]
[BlackElo "1724"]
[PlyCount "139"]
[EventDate "2023.10.08"]
[EventType "team-tourn"]
[EventRounds "11"]
[EventCountry "HUN"]
[Source "chess.hu"]
[WhiteTeam "Haladas VSE II."]
[BlackTeam "ASE II. Paks"]
[WhiteTeamCountry "HUN"]
[BlackTeamCountry "HUN"]

1. e4 c6 2. Nf3 d5 3. d3 e6 4. Nbd2 g6 5. g3 Bg7 6. Bg2 Ne7 7. O-O dxe4 8. dxe4
O-O 9. c3 Qc7 10. Qc2 b6 11. Rd1 Ba6 12. Nf1 Nd7 13. Bf4 Qc8 14. Bd6 Re8 15.
Bh3 Qb7 16. Ne3 Rad8 17. Rd2 Nc8 18. Ba3 Nf6 19. Rad1 Rxd2 20. Nxd2 c5 21. Bg2
Qe7 22. Qa4 Be2 23. Re1 Bd3 24. f4 e5 25. Nd5 Qd8 26. Re3 b5 27. Qa6 c4 28.
Nxf6+ Qxf6 29. Qxb5 Rd8 30. Qxe5 Qxe5 31. fxe5 Bxe5 32. Nf3 Bc7 33. Bc5 Bb6 34.
Bd4 Nd6 35. Ne5 Bb1 36. Bxb6 axb6 37. Nc6 Re8 38. e5 Nf5 39. Re1 Bxa2 40. Nb4
Bb3 41. Nd5 Rd8 42. Kf2 b5 43. Re2 Kg7 44. Ke1 Ra8 45. Nc7 Ra1+ 46. Kf2 Ba4 47.
Rd2 Ra2 48. Be4 b4 49. Nd5 b3 50. Nb6 Bb5 51. Bd5 Ne7 52. Bxc4 Bxc4 53. Nxc4
Nc6 54. Ke3 Ra4 55. Kd3 Kf8 56. Re2 Ke7 57. Nb6 Ra1 58. Kc4 Ra5 59. Nd5+ Ke6
60. Nf4+ Kf5 61. e6 fxe6 62. Nxe6 Ne5+ 63. Kb4 Ra6 64. Nd4+ Kf6 65. Kxb3 Rb6+
66. Kc2 Nc4 67. b4 Ra6 68. Kb3 Ne5 69. b5 Rb6 70. Kb4 1-0

[Event "NB I. Charousek csoport"]
[Site "Gyor"]
[Date "2024.02.18"]
[Round "6.2"]
[White "Ezsol, Miklos"]
[Black "Gyurkovics, Bence Dr"]
[Result "1-0"]
[WhiteElo "2322"]
[BlackElo "2266"]
[PlyCount "51"]
[EventDate "2023.10.08"]
[EventType "team-tourn"]
[EventRounds "11"]
[EventCountry "HUN"]
[Source "chess.hu"]
[WhiteTeam "Gyori Elektromos"]
[BlackTeam "Szechenyi ESE Gyor"]
[WhiteTeamCountry "HUN"]
[BlackTeamCountry "HUN"]

1. e4 c5 2. Nc3 Nc6 3. g3 g6 4. Bg2 Bg7 5. d3 e6 6. Be3 d6 7. Qd2 h6 8. f4 Nge7
9. Nf3 Nd4 10. Nd1 Nec6 11. c3 Nxf3+ 12. Bxf3 Qa5 13. O-O O-O 14. f5 exf5 15.
Bxh6 Ne5 16. Bxg7 Kxg7 17. Ne3 Nxf3+ 18. Rxf3 fxe4 19. dxe4 Qa4 20. Nf5+ Bxf5
21. exf5 Rh8 22. fxg6 fxg6 23. Qxd6 Rh5 24. Raf1 Qxa2 25. Qe7+ Kh6 26. Rf7 1-0

[Event "NB I. Charousek csoport"]
[Site "Gyor"]
[Date "2024.02.18"]
[Round "6.3"]
[White "Molnar, Erno"]
[Black "Farkas, Lajos Dr"]
[Result "1/2-1/2"]
[WhiteElo "2245"]
[BlackElo "2177"]
[PlyCount "93"]
[EventDate "2023.10.08"]
[EventType "team-tourn"]
[EventRounds "11"]
[EventCountry "HUN"]
[Source "chess.hu"]
[WhiteTeam "Szechenyi ESE Gyor"]
[BlackTeam "Gyori Elektromos"]
[WhiteTeamCountry "HUN"]
[BlackTeamCountry "HUN"]

1. e4 c6 2. d4 d5 3. Nc3 dxe4 4. Nxe4 Bf5 5. Ng3 Bg6 6. h4 h6 7. Nf3 Nd7 8. h5
Bh7 9. Bd3 Bxd3 10. Qxd3 e6 11. Bd2 Ngf6 12. O-O-O Be7 13. Kb1 O-O 14. Ne4 c5
15. g4 Nxg4 16. Qe2 f5 17. Nxc5 Nxc5 18. dxc5 Qc8 19. Ne1 Bxc5 20. Nd3 Re8 21.
f3 Nf6 22. Qe5 Be7 23. Rdg1 Kf7 24. Qg3 Rg8 25. Qg6+ Kf8 26. Ne5 Qe8 27. Qxh6
Qb5 28. Qf4 Nd5 29. Qd4 Rd8 30. c4 Qb6 31. Qxb6 Nxb6 32. Ng6+ Kf7 33. Nxe7 Kxe7
34. Bg5+ Kf7 35. Bxd8 Rxd8 36. b3 Rd3 37. Rf1 Nc8 38. h6 gxh6 39. Rxh6 Ne7 40.
f4 Rd4 41. Re1 Ng6 42. Rh7+ Kf6 43. Rxb7 Nxf4 44. Rxa7 Nd3 45. Rf1 e5 46. Kc2
f4 47. a4 1/2-1/2

[Event "NB I. Charousek csoport"]
[Site "Gyor"]
[Date "2024.02.18"]
[Round "6.4"]
[White "Schmikli, Laszlo"]
[Black "Finszter, Mate"]
[Result "1/2-1/2"]
[WhiteElo "2159"]
[BlackElo "2228"]
[PlyCount "82"]
[EventDate "2023.10.08"]
[EventType "team-tourn"]
[EventRounds "11"]
[EventCountry "HUN"]
[Source "chess.hu"]
[WhiteTeam "Gyori Elektromos"]
[BlackTeam "Szechenyi ESE Gyor"]
[WhiteTeamCountry "HUN"]
[BlackTeamCountry "HUN"]

1. e4 g6 2. d4 Bg7 3. Nc3 a6 4. a4 d6 5. Be2 Nc6 6. d5 Nd4 7. Be3 Nxe2 8. Ngxe2
Nf6 9. Qd2 e6 10. Bh6 O-O 11. Bxg7 Kxg7 12. dxe6 Bxe6 13. f4 Re8 14. Ng3 b5 15.
O-O b4 16. Nd5 Bxd5 17. exd5 h5 18. Rae1 h4 19. Ne2 Ne4 20. Qxb4 Rb8 21. Qd4+
Qf6 22. b3 Qxd4+ 23. Nxd4 Nc3 24. f5 Nxd5 25. fxg6 Kxg6 26. Nc6 Ra8 27. c4 Ne3
28. Rf3 Ng4 29. Ref1 Nh6 30. h3 f5 31. Nb4 Re5 32. Nd3 Re4 33. Nf4+ Kg5 34. Nd5
Rc8 35. R1f2 c6 36. Nc3 Re1+ 37. Rf1 Rce8 38. Rxe1 Rxe1+ 39. Kf2 Rc1 40. Rd3
Nf7 41. Ne2 Rb1 1/2-1/2

[Event "NB I. Charousek csoport"]
[Site "Gyor"]
[Date "2024.02.18"]
[Round "6.5"]
[White "Csidey, Csongor"]
[Black "Solymosi, Istvan"]
[Result "1-0"]
[WhiteElo "2054"]
[BlackElo "2111"]
[PlyCount "75"]
[EventDate "2023.10.08"]
[EventType "team-tourn"]
[EventRounds "11"]
[EventCountry "HUN"]
[Source "chess.hu"]
[WhiteTeam "Szechenyi ESE Gyor"]
[BlackTeam "Gyori Elektromos"]
[WhiteTeamCountry "HUN"]
[BlackTeamCountry "HUN"]

1. e4 c5 2. c3 d5 3. exd5 Qxd5 4. d4 Nf6 5. Nf3 Nc6 6. Na3 cxd4 7. Nb5 Qd8 8.
Bf4 Nd5 9. Bg3 a6 10. Nbxd4 Nxd4 11. Qxd4 e6 12. Bc4 b5 13. Bxd5 Qxd5 14. Qxd5
exd5 15. O-O-O Be6 16. Rhe1 Be7 17. Bh4 Bxh4 18. Nxh4 O-O 19. Nf3 Bg4 20. Rxd5
Be6 21. Rd6 Bxa2 22. Nd4 Bc4 23. b3 Be6 24. Nxe6 fxe6 25. f3 Rfc8 26. Kc2 b4
27. c4 a5 28. Rdxe6 a4 29. bxa4 Rxa4 30. Kb3 Rca8 31. Re8+ Kf7 32. Rxa8 Rxa8
33. Re2 Rb8 34. c5 Kf6 35. Re4 Rb5 36. Kc4 Rb8 37. Kb3 Rb5 38. c6 1-0